| 000 | 00398nam a22001697a 4500 | ||
|---|---|---|---|
| 005 | 20251210133302.0 | ||
| 008 | 231106b |||||||| |||| 00| 0 eng d | ||
| 020 | _a978-93-5359-368-1 | ||
| 041 | _aeng | ||
| 082 | _a632 | ||
| 100 |
_aSINGH, DR.R.P _98234 |
||
| 245 | _aPLANT PATHOLOGY | ||
| 260 |
_aLUDHIYANA _bKALYANI PUBLISHERS _c2005 |
||
| 300 | _a689;p | ||
| 650 | _aAGRICULTURE | ||
| 942 | _cBK | ||
| 999 |
_c8459 _d8457 |
||